[Event "AUT-ch Seniors 65"]
[Site "Vienna"]
[Date "2023.05.19"]
[Round "5"]
[White "Karlstoetter, Kurt"]
[Black "Nagel, Herbert"]
[Result "1/2-1/2"]
[WhiteElo "1872"]
[BlackElo "2020"]
[PlyCount "35"]
[EventDate "2023.05.15"]
[EventType "swiss"]
[EventRounds "7"]
[EventCountry "AUT"]
[SourceTitle "CBM 214 Extra"]
[Source "ChessBase"]
[SourceDate "2023.07.31"]
[SourceVersion "1"]
[SourceVersionDate "2023.07.31"]
[SourceQuality "1"]

1. e4 Nf6 2. e5 Nd5 3. d4 d6 4. c4 Nb6 5. exd6 cxd6 6. Nc3 g6 7. Be2 Bg7 8. Nf3 0-0 9. Be3 Nc6 10. Qd2 Bg4 11. b3 d5 12. c5 Nc8 13. h3 Bxf3 14. Bxf3 e6 15. Ne2 N8e7 16. g4 Re8 17. Rd1 Qd7 18. Bg2 1/2-1/2

[Event "AUT-ch Seniors 65"]
[Site "Vienna"]
[Date "2023.05.15"]
[Round "1"]
[White "Hamarat, Tunc"]
[Black "Nagel, Herbert"]
[Result "1/2-1/2"]
[WhiteElo "1781"]
[BlackElo "2020"]
[PlyCount "42"]
[EventDate "2023.05.15"]
[EventType "swiss"]
[EventRounds "7"]
[EventCountry "AUT"]
[SourceTitle "CBM 214 Extra"]
[Source "ChessBase"]
[SourceDate "2023.07.31"]
[SourceVersion "1"]
[SourceVersionDate "2023.07.31"]
[SourceQuality "1"]

1. e4 Nf6 2. Nc3 d5 3. exd5 Nxd5 4. Nxd5 Qxd5 5. Nf3 Nc6 6. d3 g6 7. Be2 Bg7 8. 0-0 0-0 9. c3 e5 10. Qb3 Qxb3 11. axb3 Be6 12. b4 a6 13. Be3 Rfd8 14. Ng5 Bd5 15. c4 Be6 16. Nxe6 fxe6 17. b5 axb5 18. cxb5 Nd4 19. Bxd4 exd4 20. Bf3 Rxa1 21. Rxa1 b6 1/2-1/2